| 000 | 00903nam a2200277Ia 4500 | ||
|---|---|---|---|
| 003 | OSt | ||
| 005 | 20220927104121.0 | ||
| 006 | a|||||r|||| 00| 0 | ||
| 007 | ta | ||
| 008 | 220926b |||||||| |||| 00| 0 eng d | ||
| 020 | _cPd 8.95 | ||
| 024 | _a109583 | ||
| 037 |
_b"260dt, 19/12/1985, IBH" _cReference Collections |
||
| 040 |
_aRTL _cRTL _beng |
||
| 041 |
_2eng _aeng |
||
| 082 | _a"Y73(P15):582.3.N50<--M30v, M5/RR" | ||
| 100 |
_aThomas Timothy N _9364320 |
||
| 245 | 0 |
_aIndians overseas _b A guide to source materials in t |
|
| 260 |
_aLondon _bBritish Library Board _c1985 |
||
| 300 |
_a97p _ccm. |
||
| 490 | _aBritish Library Board | ||
| 500 | _aBibliography: P 29 | ||
| 650 |
_aIndian _9364321 |
||
| 942 |
_h"Y73(P15):582.3.N50<--M30v, M5/RR" _cCC |
||
| 999 |
_c686179 _d686179 |
||